[Event "Festival Carnevale d'Europa"]
[Site "Cento ITA"]
[Date "2011.02.09"]
[Round "5"]
[White "Colonnello, Piero"]
[Black "Valguarnera, Girolamo"]
[WhiteElo "1934"]
[BlackElo "2164"]
[Result "0-1"]
[PlyCount "132"]
[EventDate "2011.02.05"]

1. e4 c5 2. Nf3 Nc6 3. d4 cxd4 4. Nxd4 e5 5. Nb5 Bc5 6. Nd6+ Kf8 7. Qd5 Bxd6 8.
Qxd6+ Qe7 9. Qa3 Nf6 10. Be3 Qxa3 11. Nxa3 Nxe4 12. f3 Nf6 13. Bc5+ Kg8 14. Bd6
Ne8 15. O-O-O Nxd6 16. Rxd6 Kf8 17. f4 exf4 18. Nb5 Ke7 19. Bc4 Ne5 20. Re1 f6
21. Rd4 Kd8 22. Nd6 Kc7 23. Bb3 f3 24. Rg1 a6 25. h3 g6 26. Rdd1 fxg2 27. Rxg2
b5 28. Rf2 f5 29. Re2 Nc6 30. Nf7 Rf8 31. Ng5 h6 32. Nf7 Nd8 33. Nd6 f4 34. Re7
Ra7 35. Ne8+ Kb8 36. Nd6 f3 37. Rg7 f2 38. Rf1 g5 39. Rg6 Rc7 40. Ne4 Rc6 41.
Rxc6 dxc6 42. Rxf2 Rxf2 43. Nxf2 Kc7 44. Kd2 Bf5 45. c3 Kd6 46. a4 Ne6 47. axb5
axb5 48. Bd1 Nf4 49. Bg4 Ke5 50. Bf3 Nxh3 51. Nxh3 Bxh3 52. Bxc6 Bf1 53. b3 h5
54. Ke3 Kf6 55. Kf2 Bd3 56. Ke3 Bc2 57. Bxb5 Bxb3 58. Be2 h4 59. c4 Kf5 60.
Bd3+ Kg4 61. Kd4 h3 62. c5 Ba4 63. Be4 Kg3 64. Ke3 g4 65. c6 Bxc6 66. Bxc6 Kh2
0-1

[Event "Festival Carnevale d'Europa"]
[Site "Cento ITA"]
[Date "2011.02.09"]
[Round "5"]
[White "De Florio, Federico"]
[Black "Nonni, Alessio"]
[WhiteElo "2196"]
[BlackElo "1924"]
[Result "1-0"]
[PlyCount "103"]
[EventDate "2011.02.05"]

1. d4 Nf6 2. Nf3 d5 3. e3 Bf5 4. c4 c6 5. Nc3 e6 6. Qb3 Qb6 7. c5 Qxb3 8. axb3
Ne4 9. b4 Nxc3 10. bxc3 f6 11. c4 Be7 12. Bb2 Na6 13. Bc3 Nc7 14. b5 Kd7 15.
Be2 Rhb8 16. O-O g5 17. Nd2 a6 18. b6 Ne8 19. f3 Ng7 20. e4 Bg6 21. Bd1 Bf7 22.
Bb3 Rf8 23. cxd5 exd5 24. Ba4 Rae8 25. Nb3 dxe4 26. fxe4 Bc4 27. Rfd1 Bxb3 28.
Bxb3 Kc8 29. Bb4 Bd8 30. Re1 f5 31. e5 Ne6 32. Rad1 Nf4 33. g3 Nd5 34. Bxd5
cxd5 35. c6 Be7 36. Bxe7 Rxe7 37. Rc1 Re6 38. cxb7+ Kxb7 39. Rc7+ Kxb6 40. Rc5
Rf7 41. Rb1+ Ka7 42. Rxd5 h6 43. Kf2 Rc7 44. Rb2 Rb6 45. Re2 Re6 46. Rd8 Rce7
47. Rf8 Kb7 48. Rxf5 Kc6 49. Ke3 Kd5 50. Rc2 Rc6 51. Rxc6 Kxc6 52. Rf6+ 1-0

[Event "Festival Carnevale d'Europa"]
[Site "Cento ITA"]
[Date "2011.02.09"]
[Round "5"]
[White "De Santis, Alessio"]
[Black "Campini, Marco"]
[WhiteElo "2289"]
[BlackElo "2086"]
[Result "1-0"]
[PlyCount "89"]
[EventDate "2011.02.05"]

1. b3 d5 2. Bb2 c5 3. e3 Nc6 4. Nf3 Nf6 5. Bb5 Bg4 6. h3 Bh5 7. g4 Bg6 8. Ne5
Rc8 9. Bxc6+ bxc6 10. d3 Nd7 11. Nxd7 Qxd7 12. Nd2 f6 13. f4 h5 14. f5 Bf7 15.
Qf3 e5 16. g5 Rb8 17. g6 Bg8 18. c4 Be7 19. h4 Bd8 20. O-O-O a5 21. a4 Rb7 22.
e4 Be7 23. Kc2 Qc8 24. Rb1 Rd7 25. Rhd1 Qa6 26. Bc3 Bd8 27. Qe2 Bc7 28. Bb2 Bd8
29. Ba3 Be7 30. Qf2 Qa7 31. Rb2 Rd8 32. Nb1 dxe4 33. dxe4 Rd4 34. Nc3 Qd7 35.
Rbb1 Qb7 36. Qe3 Qb6 37. Ne2 Qb8 38. Bb2 Bd6 39. Bc3 Qd8 40. Nxd4 exd4 41. Bxd4
cxd4 42. Qxd4 Bd5 43. exd5 Be5 44. Qc5 cxd5 45. Rxd5 1-0

[Event "Festival Carnevale d'Europa"]
[Site "Cento ITA"]
[Date "2011.02.09"]
[Round "5"]
[White "Frigieri, Fabrizio"]
[Black "Castellano, Alfonso"]
[WhiteElo "2161"]
[BlackElo "1928"]
[Result "1-0"]
[PlyCount "75"]
[EventDate "2011.02.05"]

1. e4 c5 2. Nf3 d6 3. d4 cxd4 4. Nxd4 Nf6 5. Nc3 a6 6. Bg5 e6 7. f4 Qc7 8. Qf3
b5 9. Bxf6 gxf6 10. O-O-O b4 11. Nce2 Bb7 12. Qh5 Bxe4 13. Ng3 Bg6 14. Qf3 Ra7
15. f5 b3 16. fxg6 bxa2 17. gxf7+ Ke7 18. Ngf5+ Kd7 19. Qa3 a1=Q+ 20. Qxa1 exf5
21. Qa2 Be7 22. Qe6+ Kd8 23. Qxf5 Qd7 24. Qa5+ Kc8 25. Bc4 Qc7 26. Qf5+ Nd7 27.
Qe6 Kd8 28. Nf5 Nc5 29. Qe2 Qb6 30. Rhe1 Rb7 31. b3 Qa5 32. Kb1 Na4 33. Rd3
Qxf5 34. Bxa6 Rxb3+ 35. Ka1 Qd7 36. Rxb3 Nc5 37. Rb8+ Kc7 38. Bb5 1-0

[Event "Festival Carnevale d'Europa"]
[Site "Cento ITA"]
[Date "2011.02.09"]
[Round "5"]
[White "Gaspari, Mauro"]
[Black "Govoni, Fausto"]
[WhiteElo "1951"]
[BlackElo "2203"]
[Result "0-1"]
[PlyCount "68"]
[EventDate "2011.02.05"]

1. c4 f5 2. Nc3 Nf6 3. g3 e5 4. Bg2 Nc6 5. d3 Bc5 6. e3 O-O 7. Nge2 d6 8. O-O
a5 9. d4 Ba7 10. Nb5 Bb6 11. a3 Bd7 12. Qc2 Qe7 13. b3 Kh8 14. Bb2 Rae8 15.
Rac1 Nd8 16. Rfd1 Bc6 17. dxe5 dxe5 18. Nbc3 f4 19. exf4 Ng4 20. Rf1 exf4 21.
Nxf4 Rxf4 22. Nd1 Bc5 23. b4 axb4 24. axb4 Ba7 25. h3 Rxf2 26. Nxf2 Ne3 27. Qe2
Bxg2 28. Rfe1 Qxb4 29. Bc3 Qd6 30. Qb2 Qxg3 31. Bxg7+ Kg8 32. Be5 Rxe5 33. Rxe3
Rxe3 34. Ne4 Re1# 0-1

[Event "Festival Carnevale d'Europa"]
[Site "Cento ITA"]
[Date "2011.02.09"]
[Round "5"]
[White "Godena, Michele"]
[Black "Brunello, Marina"]
[WhiteElo "2541"]
[BlackElo "2155"]
[Result "1-0"]
[PlyCount "111"]
[EventDate "2011.02.05"]

1. e4 c5 2. Nf3 d6 3. Bc4 Nf6 4. d3 e6 5. Bb3 Be7 6. O-O Nc6 7. c3 O-O 8. Re1
b5 9. d4 Na5 10. Bc2 Bb7 11. dxc5 dxc5 12. Qe2 a6 13. e5 Nd5 14. Qe4 g6 15. Qg4
Kg7 16. Nbd2 c4 17. Ne4 b4 18. Bg5 Bxg5 19. Nfxg5 b3 20. axb3 cxb3 21. Nc5 Bc8
22. Nxb3 Nxb3 23. Bxb3 Qb6 24. Bxd5 exd5 25. Qf4 h6 26. Qf6+ Qxf6 27. exf6+ Kg8
28. Nf3 Rb8 29. b4 Rb6 30. Ra5 Bb7 31. Ne5 Rd8 32. Ng4 Bc8 33. Ne3 d4 34. Nd5
Re6 35. Rxe6 Bxe6 36. Ne7+ Kf8 37. Nc6 Rc8 38. Nxd4 Rxc3 39. h3 Bc8 40. b5 axb5
41. Nxb5 Rc6 42. Ra8 Ke8 43. Kh2 Kd7 44. Ra7+ Ke8 45. Ra8 Kd7 46. Ra7+ Ke8 47.
Re7+ Kf8 48. Nc7 Rxf6 49. Re8+ Kg7 50. Rxc8 Rxf2 51. Ne8+ Kh7 52. Rc6 Re2 53.
Nd6 Kg7 54. Rc7 Rf2 55. Kg1 Rf4 56. g3 1-0

[Event "Festival Carnevale d'Europa"]
[Site "Cento ITA"]
[Date "2011.02.09"]
[Round "5"]
[White "Jakovljevic, Vlado"]
[Black "Yurenok, Maria S."]
[WhiteElo "2394"]
[BlackElo "2092"]
[Result "1/2-1/2"]
[PlyCount "101"]
[EventDate "2011.02.05"]

1. Nf3 d5 2. b3 Bg4 3. Bb2 Nd7 4. g3 Bxf3 5. exf3 Ngf6 6. f4 e6 7. Bg2 Bd6 8.
O-O O-O 9. d3 c5 10. Nd2 Qc7 11. c4 Rac8 12. d4 cxd4 13. Bxd4 Bc5 14. Bb2 dxc4
15. Nxc4 b5 16. Ne5 Nxe5 17. Bxe5 Qe7 18. Qe2 b4 19. Rac1 Rfd8 20. Rc4 Nd5 21.
Rfc1 Nb6 22. R4c2 Bd6 23. Rxc8 Rxc8 24. Rxc8+ Nxc8 25. Ba1 Nb6 26. Qb2 Qf8 27.
Be4 Be7 28. Qc2 f5 29. Bf3 Qc8 30. Qxc8+ Nxc8 31. Bd4 Nb6 32. Kf1 Kf7 33. Ke2
g6 34. Kd3 Ke8 35. Bc6+ Kf7 36. Be3 Bd6 37. Kd4 Ke7 38. Kd3 Kf7 39. h3 Ke7 40.
Bd4 Kf7 41. Be3 Kf6 42. Kd4 Kf7 43. f3 Kf6 44. Bf2 Ke7 45. Be1 Kf6 46. g4 Ke7
47. Bh4+ Kf7 48. Bg5 Kg7 49. Bd8 Kf7 50. Bg5 Kg7 51. Bd8 1/2-1/2

[Event "Festival Carnevale d'Europa"]
[Site "Cento ITA"]
[Date "2011.02.09"]
[Round "5"]
[White "Lagrotteria, Salvatore"]
[Black "Damia, Angelo"]
[WhiteElo "2183"]
[BlackElo "2360"]
[Result "1-0"]
[PlyCount "91"]
[EventDate "2011.02.05"]

1. d4 Nf6 2. Nf3 e6 3. c4 c5 4. d5 b5 5. Nc3 b4 6. Na4 exd5 7. cxd5 d6 8. Bg5
Be7 9. e3 O-O 10. Bc4 h6 11. Bh4 Ne4 12. Bxe7 Qxe7 13. Nd2 Bd7 14. b3 Bxa4 15.
bxa4 Nxd2 16. Qxd2 Qe4 17. Bd3 Qxg2 18. O-O-O Kh8 19. Rhg1 Qxd5 20. Qb2 Rg8 21.
Ba6 Qe6 22. Bb7 Nd7 23. Bxa8 Nb6 24. Bc6 d5 25. Bb5 a6 26. a5 Nc8 27. Be2 Nd6
28. Qb3 c4 29. Qxb4 Ne4 30. Bf3 Nxf2 31. Bxd5 Qxe3+ 32. Kc2 Nxd1 33. Rxd1 Rd8
34. Qxc4 Qf2+ 35. Rd2 Qf5+ 36. Be4 Rxd2+ 37. Kxd2 Qxa5+ 38. Kc2 Qd8 39. Qxf7
Qc8+ 40. Kd3 a5 41. Qd5 Qh3+ 42. Kd4 g5 43. Qd8+ Kg7 44. Qe7+ Kg8 45. Bd5+ Kh8
46. Qf8+ 1-0

[Event "Festival Carnevale d'Europa"]
[Site "Cento ITA"]
[Date "2011.02.09"]
[Round "5"]
[White "Litrico, Paolo"]
[Black "Calavalle, Giulio"]
[WhiteElo "1954"]
[BlackElo "2237"]
[Result "1-0"]
[PlyCount "23"]
[EventDate "2011.02.05"]

1. d4 d5 2. Bf4 c6 3. Nf3 Nf6 4. Nbd2 Nbd7 5. e3 e6 6. Bd3 Be7 7. c3 O-O 8. Ne5
Re8 9. Qf3 Nf8 10. Qh3 N6d7 11. Bg3 f6 12. Bxh7+ 1-0

[Event "Festival Carnevale d'Europa"]
[Site "Cento ITA"]
[Date "2011.02.09"]
[Round "5"]
[White "Maietti, Luca"]
[Black "Baldazzi, Stefano"]
[WhiteElo "1945"]
[BlackElo "2180"]
[Result "0-1"]
[PlyCount "130"]
[EventDate "2011.02.05"]

1. d4 Nf6 2. Nf3 c5 3. c3 b6 4. Bg5 Bb7 5. e3 e6 6. Nbd2 Be7 7. Bd3 O-O 8. O-O
h6 9. Bh4 d5 10. Ne5 Nbd7 11. Nxd7 Qxd7 12. Nf3 Ne4 13. Ne5 Qc7 14. Bxe7 Qxe7
15. Qg4 Qg5 16. Qxg5 hxg5 17. Bxe4 dxe4 18. dxc5 bxc5 19. Rfd1 Rfd8 20. Kf1 Rd5
21. Nc4 Ba6 22. b3 Kf8 23. Ke1 Ke7 24. Nb2 Rh8 25. h3 g4 26. c4 Rxd1+ 27. Rxd1
gxh3 28. gxh3 Rxh3 29. Ke2 Rh5 30. Na4 Bb7 31. Nc3 Bc6 32. Rg1 g5 33. a3 a5 34.
Rd1 Rh8 35. a4 f5 36. Nb5 Be8 37. Ke1 Rh1+ 38. Kd2 Rxd1+ 39. Kxd1 Kd7 40. Nc3
Bh5+ 41. Ke1 Bf3 42. Kf1 Kd6 43. Kg1 e5 44. Kf1 Ke6 45. Ke1 Bg2 46. Nb5 f4 47.
Nc7+ Kd7 48. Nd5 Kd6 49. Nf6 Ke6 50. Nd5 Bf3 51. Nc7+ Kd7 52. Nd5 Kd6 53. Nf6
g4 54. Nd5 g3 55. fxg3 fxg3 56. Nc3 Ke6 57. Ne2 Bxe2 58. Kxe2 Kf5 59. Kf1 Kg4
60. Kg2 Kh4 61. b4 axb4 62. a5 b3 63. a6 b2 64. a7 b1=Q 65. a8=Q Qc2+ 0-1

[Event "Festival Carnevale d'Europa"]
[Site "Cento ITA"]
[Date "2011.02.09"]
[Round "5"]
[White "Manca, Federico"]
[Black "Brunello, Sabino"]
[WhiteElo "2384"]
[BlackElo "2540"]
[Result "1/2-1/2"]
[PlyCount "40"]
[EventDate "2011.02.05"]

1. e4 e5 2. f4 exf4 3. Nf3 d5 4. exd5 Nf6 5. Bc4 Nxd5 6. Bxd5 Qxd5 7. Nc3 Qd8
8. d4 Be7 9. Bxf4 O-O 10. O-O c6 11. Qd3 Na6 12. a3 Nc7 13. Rae1 Nd5 14. Nxd5
cxd5 15. Qb3 b6 16. Qe3 Be6 17. Bg5 Rc8 18. c3 h6 19. Bxe7 Qxe7 20. Ne5 Qd6
1/2-1/2

[Event "Festival Carnevale d'Europa"]
[Site "Cento ITA"]
[Date "2011.02.09"]
[Round "5"]
[White "Martinez, Guido"]
[Black "Albinelli, Alberto"]
[WhiteElo "1926"]
[BlackElo "1817"]
[Result "0-1"]
[PlyCount "57"]
[EventDate "2011.02.05"]

1. e4 e5 2. Nc3 Nf6 3. Bc4 Nc6 4. a3 Bc5 5. Nf3 d6 6. h3 O-O 7. O-O a6 8. d3
Nd4 9. Nxd4 Bxd4 10. Ne2 Ba7 11. Kh1 h6 12. f4 Ng4 13. Qe1 Ne3 14. Bxe3 Bxe3
15. Qg3 exf4 16. Nxf4 Bxf4 17. Rxf4 Be6 18. Raf1 Bxc4 19. dxc4 Qe7 20. Rg4 f6
21. Rf3 Rae8 22. Qf4 Kh8 23. Rfg3 Rf7 24. Rh4 Qe5 25. Qe3 f5 26. Rh5 Qe6 27.
Rh4 Qf6 28. Rg5 f4 29. Rg3 0-1

[Event "Festival Carnevale d'Europa"]
[Site "Cento ITA"]
[Date "2011.02.09"]
[Round "5"]
[White "Monducci, Mirko"]
[Black "Pasqualetto, Lorenzo"]
[WhiteElo "1925"]
[BlackElo "1691"]
[Result "1-0"]
[PlyCount "101"]
[EventDate "2011.02.05"]

1. c4 Nf6 2. Nc3 e6 3. Nf3 b6 4. e3 Bb7 5. d4 Bb4 6. Bd3 O-O 7. O-O c5 8. a3
Bxc3 9. bxc3 Nc6 10. e4 Ne8 11. Rb1 Na5 12. Qe2 Ba6 13. Be3 d6 14. Rfd1 Rc8 15.
d5 e5 16. Bg5 Qd7 17. Nd2 h6 18. Bh4 g5 19. Bg3 Ng7 20. Rf1 f5 21. exf5 Nxf5
22. Qe4 Rf6 23. f3 Nxg3 24. hxg3 Rcf8 25. Rf2 Bc8 26. Rbf1 Qf7 27. Qe2 Bf5 28.
Bxf5 Rxf5 29. Ne4 Qd7 30. g4 R5f7 31. g3 Nb7 32. Rh2 Kg7 33. Qg2 Rh8 34. Qd2
Qe7 35. Kg2 Na5 36. Qd3 Rff8 37. Rh5 Rf7 38. Rfh1 Rff8 39. Nxg5 Qxg5 40. Rxg5+
hxg5 41. Rh5 Rxh5 42. gxh5 Rf6 43. Qe4 Nb3 44. Qd3 Kh6 45. g4 Na5 46. Qe4 Nb3
47. Qc2 Na5 48. Qa4 Rf8 49. Qd7 Rf6 50. Qe8 Kg7 51. Qe7+ 1-0

[Event "Festival Carnevale d'Europa"]
[Site "Cento ITA"]
[Date "2011.02.09"]
[Round "5"]
[White "Nanni, Sergio"]
[Black "Modder, Frank"]
[WhiteElo "1693"]
[BlackElo "1926"]
[Result "0-1"]
[PlyCount "69"]
[EventDate "2011.02.05"]

1. e4 e6 2. d4 d5 3. Nc3 Nf6 4. Bg5 Bb4 5. e5 h6 6. Bd2 Bxc3 7. Bxc3 Ne4 8. Bb4
c5 9. dxc5 Nxf2 10. Kxf2 Qh4+ 11. g3 Qxb4 12. Nf3 Qxb2 13. Qd2 Nc6 14. Bd3 Nxe5
15. Nxe5 Qxe5 16. Qb4 O-O 17. Rae1 Qc7 18. Re2 Bd7 19. Rhe1 Rfc8 20. Qg4 Qxc5+
21. Kf1 Bb5 22. Rf2 Bxd3+ 23. cxd3 Qe7 24. Re5 Rc1+ 25. Kg2 Rac8 26. Ree2 Qd7
27. Qd4 b6 28. h4 Qb5 29. Qf4 R8c7 30. d4 Qa4 31. Kh3 Qd1 32. Qd6 Qxd4 33. Qd8+
Kh7 34. Rd2 Qa4 35. Rxf7 0-1

[Event "Festival Carnevale d'Europa"]
[Site "Cento ITA"]
[Date "2011.02.09"]
[Round "5"]
[White "Naumkin, Igor"]
[Black "Mueer, Sebastian"]
[WhiteElo "2499"]
[BlackElo "2189"]
[Result "1-0"]
[PlyCount "71"]
[EventDate "2011.02.05"]

1. d4 Nf6 2. Nf3 c5 3. d5 e6 4. c4 exd5 5. cxd5 d6 6. Nc3 g6 7. e4 a6 8. a4 Bg4
9. Be2 Bxf3 10. Bxf3 Bg7 11. O-O O-O 12. Bf4 Qe7 13. Re1 Nbd7 14. Qd2 Rfe8 15.
Be2 Rac8 16. Bf1 Ng4 17. h3 Nge5 18. Bg5 Bf6 19. Bh6 g5 20. Nd1 Ng6 21. Ra3 Qe5
22. Rg3 Qf4 23. Qxf4 Nxf4 24. h4 Nh5 25. Rb3 c4 26. Rxb7 Nc5 27. Rb6 gxh4 28.
Rxd6 Be5 29. Rc6 Rxc6 30. dxc6 Re6 31. Be3 Rxc6 32. Bxc4 Nxa4 33. b3 Nb2 34.
Nxb2 Bxb2 35. Rd1 Bf6 36. Rd7 1-0

[Event "Festival Carnevale d'Europa"]
[Site "Cento ITA"]
[Date "2011.02.09"]
[Round "5"]
[White "Pelyushenko, Vladyslav"]
[Black "La Bella, Roberto"]
[WhiteElo "1784"]
[BlackElo "2138"]
[Result "0-1"]
[PlyCount "76"]
[EventDate "2011.02.05"]

1. d4 Nf6 2. Nf3 g6 3. c4 c5 4. d5 e6 5. Nc3 exd5 6. cxd5 d6 7. e4 Bg7 8. Qc2
O-O 9. Bg5 Qa5 10. Nd2 a6 11. Nc4 Qc7 12. Bf4 Ne8 13. a4 f5 14. Be2 fxe4 15.
Qxe4 Bd4 16. O-O Bf5 17. Qf3 Nd7 18. Qg3 Ne5 19. Nxe5 dxe5 20. Bh6 Rf7 21. Bc4
Nd6 22. b3 Bd7 23. Rae1 Nf5 24. d6 Nxg3 25. dxc7 Nxf1 26. Ne4 Nd2 27. Nf6+ Kh8
28. Bxf7 Bf5 29. Ne8 Rxe8 30. Bxe8 Nxb3 31. Rb1 c4 32. Bc6 bxc6 33. Be3 Kg7 34.
h3 Kf7 35. g4 Be6 36. Re1 c3 37. Bxd4 Nxd4 38. Rxe5 Nf3+ 0-1

[Event "Festival Carnevale d'Europa"]
[Site "Cento ITA"]
[Date "2011.02.09"]
[Round "5"]
[White "Pierangeli, Andrea"]
[Black "Guidi, Marco"]
[WhiteElo "1964"]
[BlackElo "1867"]
[Result "1-0"]
[PlyCount "75"]
[EventDate "2011.02.05"]

1. c4 b5 2. e3 bxc4 3. Bxc4 e6 4. Nf3 Ba6 5. b3 Be7 6. Bb2 Bf6 7. Nc3 Bxc4 8.
bxc4 Ne7 9. O-O O-O 10. Rb1 Nbc6 11. d4 Rb8 12. Ne4 d5 13. Nxf6+ gxf6 14. Ba3
Kh8 15. cxd5 Qxd5 16. Qe2 Rg8 17. Rxb8 Rxb8 18. Rc1 Nf5 19. Qc4 Qa5 20. Qxc6
Qxa3 21. Qxc7 Kg7 22. g4 Ne7 23. Qxb8 Qxc1+ 24. Kg2 Qa3 25. Qb1 Nd5 26. h3 a5
27. Qb3 Qb4 28. g5 fxg5 29. Nxg5 a4 30. Qc2 Qb7 31. Qxh7+ Kf6 32. Nf3 a3 33.
Qh4+ Kg7 34. Qg5+ Kf8 35. Qd8+ Kg7 36. h4 Nc3 37. Qg5+ Kf8 38. Qc5+ 1-0

[Event "Festival Carnevale d'Europa"]
[Site "Cento ITA"]
[Date "2011.02.09"]
[Round "5"]
[White "Sokolov, Ivan"]
[Black "Drasko, Milan"]
[WhiteElo "2657"]
[BlackElo "2486"]
[Result "1/2-1/2"]
[PlyCount "97"]
[EventDate "2011.02.05"]

1. d4 e6 2. c4 Nf6 3. Nc3 Bb4 4. e3 O-O 5. Bd3 d5 6. cxd5 exd5 7. Nge2 Re8 8.
Bd2 a6 9. O-O Bd6 10. Rc1 Nbd7 11. Nf4 Nb6 12. Qc2 Bd7 13. b3 Rc8 14. a4 c6 15.
a5 Na8 16. Na4 Nc7 17. Nc5 Rb8 18. f3 Nb5 19. Ne2 Qc7 20. h3 Rbd8 21. Rf2 Bc8
22. b4 Qe7 23. Rcf1 Bb8 24. g4 h6 25. Rg2 Nd7 26. Nb3 Qh4 27. Nf4 Nf8 28. Be1
Qe7 29. Re2 Bxf4 30. exf4 Qf6 31. Bxb5 axb5 32. f5 g6 33. fxg6 Nxg6 34. Bg3 Nf4
35. Bxf4 Qxf4 36. Kg2 Re3 37. Rxe3 Qxe3 38. Rf2 Re8 39. a6 bxa6 40. Qxc6 Kg7
41. Nc5 Rd8 42. Qb6 Re8 43. h4 h5 44. Qc6 hxg4 45. fxg4 Bxg4 46. Qf6+ Kh7 47.
Qxf7+ Kh8 48. Qf6+ Kh7 49. Qf7+ 1/2-1/2

[Event "Festival Carnevale d'Europa"]
[Site "Cento ITA"]
[Date "2011.02.09"]
[Round "5"]
[White "Urosevic, Goran"]
[Black "Borgo, Giulio"]
[WhiteElo "2228"]
[BlackElo "2401"]
[Result "1/2-1/2"]
[PlyCount "105"]
[EventDate "2011.02.05"]

1. d4 d5 2. Nf3 Nf6 3. c4 e6 4. Nc3 c6 5. Bg5 Nbd7 6. cxd5 exd5 7. e3 Qa5 8.
Bd3 Ne4 9. Qc2 Nxg5 10. Nxg5 h6 11. Nf3 Bd6 12. O-O Nf6 13. h3 Qc7 14. Rac1 Qe7
15. Rfe1 O-O 16. Bf5 Bxf5 17. Qxf5 Rfe8 18. Nd2 Bb4 19. a3 Bxc3 20. Rxc3 a5 21.
Rcc1 Red8 22. Nf3 Ne4 23. Ne5 Nd6 24. Qc2 g6 25. a4 Kg7 26. b3 h5 27. g3 Qe6
28. Kg2 Ne4 29. f3 Nd6 30. Qd2 Re8 31. g4 f6 32. Nd3 g5 33. Rc5 Re7 34. Nf2 f5
35. e4 Kh6 36. h4 Rg8 37. hxg5+ Kg7 38. gxf5 Nxf5 39. Qf4 Kh8 40. Rcc1 Rxg5+
41. Kh2 Qd6 42. Qxd6 Nxd6 43. Nh3 Rgg7 44. exd5 Nf5 45. Rxe7 Rxe7 46. dxc6 bxc6
47. Rxc6 Re2+ 48. Kg1 Nxd4 49. Rh6+ Kg7 50. Rxh5 Nxf3+ 51. Kf1 Rh2 52. Nf4 Rxh5
53. Nxh5+ 1/2-1/2

[Event "Festival Carnevale d'Europa"]
[Site "Cento ITA"]
[Date "2011.02.09"]
[Round "5"]
[White "Vezzani, Stefano"]
[Black "Malloni, Marcello"]
[WhiteElo "2168"]
[BlackElo "2285"]
[Result "0-1"]
[PlyCount "48"]
[EventDate "2011.02.05"]

1. f4 d5 2. Nf3 Bg4 3. e3 Nd7 4. h3 Bxf3 5. Qxf3 Ngf6 6. g4 c6 7. g5 Ne4 8. d3
Nd6 9. e4 e6 10. Be3 Qa5+ 11. Nc3 Nb5 12. Bd2 Nxc3 13. bxc3 O-O-O 14. e5 d4 15.
c4 Bb4 16. Qe2 h6 17. gxh6 Rxh6 18. Bxb4 Qxb4+ 19. Kf2 Rh4 20. Kg3 Qe7 21. Bg2
g5 22. Rab1 gxf4+ 23. Kf2 Qg5 24. Rhe1 Rg8 0-1

[Event "Festival Carnevale d'Europa"]
[Site "Cento ITA"]
[Date "2011.02.09"]
[Round "5"]
[White "Zoldan, Matteo"]
[Black "Bove, Alessandro"]
[WhiteElo "2195"]
[BlackElo "2365"]
[Result "0-1"]
[PlyCount "98"]
[EventDate "2011.02.05"]

1. e4 c5 2. Nf3 a6 3. c4 Nc6 4. d4 cxd4 5. Nxd4 Qb6 6. Nb3 e6 7. Be3 Qc7 8. Be2
Nf6 9. Nc3 Bb4 10. Qc2 Ne5 11. a3 Be7 12. Nd2 Neg4 13. Bxg4 Nxg4 14. Bd4 O-O
15. h3 Ne5 16. O-O Ng6 17. Rac1 d6 18. Na4 Bg5 19. Nb6 Rb8 20. Rcd1 Nf4 21. Nf3
Bh6 22. e5 d5 23. c5 Bd7 24. Rfe1 Be8 25. b4 f6 26. Qc3 Bb5 27. Rd2 Qf7 28. a4
Qg6 29. Nh4 Qg5 30. axb5 Qxh4 31. Ra2 axb5 32. Ra3 Qg5 33. Qg3 Ne2+ 34. Rxe2
Qc1+ 35. Re1 Qxe1+ 36. Kh2 fxe5 37. Bxe5 Qxe5 38. Qxe5 Bf4+ 39. Qxf4 Rxf4 40.
Re3 Re4 41. Rb3 Rd8 42. f3 Re2 43. f4 d4 44. Rd3 Re3 45. Rd2 d3 46. Kg1 Re4 47.
g3 Rxb4 48. Kf2 Re4 49. Kf3 Re1 0-1

[Event "Festival Carnevale d'Europa"]
[Site "Cento ITA"]
[Date "2011.02.10"]
[Round "6"]
[White "Albinelli, Alberto"]
[Black "Gaspari, Mauro"]
[WhiteElo "1817"]
[BlackElo "1951"]
[Result "0-1"]
[PlyCount "90"]
[EventDate "2011.02.05"]

1. d4 Nf6 2. Bf4 c5 3. e3 Nc6 4. Nf3 g6 5. c3 cxd4 6. exd4 Qa5 7. Bd3 Bg7 8.
O-O O-O 9. Nbd2 d6 10. Re1 Qd8 11. Qe2 Nh5 12. Bg5 f6 13. Bh4 Nf4 14. Qf1 Nxd3
15. Qxd3 e5 16. dxe5 dxe5 17. Qc4+ Kh8 18. Rad1 Qe8 19. Nd4 Nxd4 20. cxd4 Be6
21. d5 Bg8 22. Ne4 Rc8 23. Qb3 Qd7 24. Nc3 Rc5 25. f3 b6 26. Bf2 Rcc8 27. Rd3
Rfe8 28. Red1 Bf8 29. Ne4 Bg7 30. Nc3 f5 31. Qb5 Red8 32. Bh4 Qxb5 33. Nxb5 Rd7
34. Nc3 h6 35. Bf2 Bf8 36. a3 Bc5 37. Re1 Bxf2+ 38. Kxf2 Re8 39. Rde3 Bxd5 40.
Rxe5 Rxe5 41. Rxe5 Bc4 42. Ke1 Kg7 43. Re8 Kf6 44. Rc8 Ba6 45. Rc6+ Kf7 0-1

[Event "Festival Carnevale d'Europa"]
[Site "Cento ITA"]
[Date "2011.02.10"]
[Round "6"]
[White "Baldazzi, Stefano"]
[Black "Bentivegna, Francesco"]
[WhiteElo "2180"]
[BlackElo "2348"]
[Result "1/2-1/2"]
[PlyCount "35"]
[EventDate "2011.02.05"]

1. c4 e5 2. g3 c6 3. d4 e4 4. d5 Bb4+ 5. Bd2 Qe7 6. a3 Bxd2+ 7. Qxd2 Nf6 8. Nc3
cxd5 9. Nxd5 Nxd5 10. Qxd5 O-O 11. Bg2 Re8 12. Nh3 Nc6 13. O-O d6 14. Rad1 Bxh3
15. Bxh3 Rad8 16. b4 Qf6 17. b5 Na5 18. Qd4 1/2-1/2

[Event "Festival Carnevale d'Europa"]
[Site "Cento ITA"]
[Date "2011.02.10"]
[Round "6"]
[White "Bonetti, Carlo"]
[Black "Gioga, Michele"]
[WhiteElo "1915"]
[BlackElo "1682"]
[Result "1/2-1/2"]
[PlyCount "99"]
[EventDate "2011.02.05"]

1. e4 d5 2. exd5 Qxd5 3. Nc3 Qe5+ 4. Nge2 c6 5. d4 Qc7 6. Bf4 Qd8 7. Qd3 Nf6 8.
O-O-O g6 9. h3 Bf5 10. Qf3 Bg7 11. g4 Be6 12. Qg3 Nd5 13. Bg2 Na6 14. Nxd5 Bxd5
15. Nc3 Bxg2 16. Qxg2 Nc7 17. d5 cxd5 18. Nxd5 Nxd5 19. Qxd5 Qxd5 20. Rxd5 Rd8
21. Rhd1 Rxd5 22. Rxd5 b6 23. Bb8 e6 24. Rd3 a6 25. Ba7 b5 26. Bc5 h5 27. g5 a5
28. f4 a4 29. c3 Bf8 30. Bd4 Rh7 31. Bf6 Be7 32. h4 Bxf6 33. gxf6 Rh8 34. Rd6
Rg8 35. Kd2 e5 36. fxe5 g5 37. Rb6 Kd7 38. Rb7+ Ke6 39. Re7+ Kf5 40. hxg5 Rxg5
41. Rb7 Rg2+ 42. Ke3 Rxb2 43. Kd4 Rd2+ 44. Ke3 Rxa2 45. Rxb5 a3 46. c4 h4 47.
c5 Kxe5 48. c6+ Kd6 49. Rb7 Rc2 50. Rxf7 1/2-1/2

[Event "Festival Carnevale d'Europa"]
[Site "Cento ITA"]
[Date "2011.02.10"]
[Round "6"]
[White "Boscolo, Federico"]
[Black "Bossoni, Mario"]
[WhiteElo "2196"]
[BlackElo "1952"]
[Result "1-0"]
[PlyCount "68"]
[EventDate "2011.02.05"]

1. e4 c5 2. c3 d5 3. exd5 Qxd5 4. d4 Nc6 5. Nf3 cxd4 6. cxd4 e5 7. Nc3 Bb4 8.
Be2 Bxc3+ 9. bxc3 exd4 10. O-O Nge7 11. Nxd4 O-O 12. Rb1 Nxd4 13. cxd4 Nf5 14.
Bf3 Qxd4 15. Ba3 Re8 16. Bxb7 Bxb7 17. Rxb7 h6 18. h3 Qf6 19. Qf3 Qe6 20. Rd1
Rad8 21. Rxd8 Rxd8 22. Rxa7 Nd4 23. Qe3 Qd5 24. Bb2 Ne6 25. a4 Qa2 26. Qf3 Qb1+
27. Kh2 Ng5 28. Qc3 Qg6 29. Ra6 Ne6 30. Qg3 Qc2 31. Bf6 Rd3 32. Qg4 Qc7+ 33. g3
Rd6 34. Ra8+ Nd8 1-0

[Event "Festival Carnevale d'Europa"]
[Site "Cento ITA"]
[Date "2011.02.10"]
[Round "6"]
[White "Bove, Alessandro"]
[Black "Collutiis, Duilio"]
[WhiteElo "2365"]
[BlackElo "2463"]
[Result "1/2-1/2"]
[PlyCount "58"]
[EventDate "2011.02.05"]

1. d4 Nf6 2. Nf3 c5 3. d5 d6 4. Nc3 Bf5 5. a4 Ne4 6. Nxe4 Bxe4 7. Ng5 Bg6 8. e4
h6 9. Bb5+ Nd7 10. Ne6 Qc8 11. Qe2 a6 12. Nxf8 Kxf8 13. Bxd7 Qxd7 14. f4 e6 15.
dxe6 fxe6 16. O-O Kg8 17. Ra3 d5 18. exd5 exd5 19. Re3 Re8 20. Rxe8+ Qxe8 21.
Qf2 Be4 22. Qxc5 Kh7 23. Qf2 Qxa4 24. c3 Re8 25. Re1 Re6 26. h3 Rg6 27. g4 Qd7
28. Kh2 Rf6 29. Be3 Qd6 1/2-1/2